A-Z guide to drug-herb-vitamin interactions : (Record no. 1451)

MARC details
000 -LEADER
fixed length control field 01252cam a22003134a 4500
005 - DATE AND TIME OF LATEST TRANSACTION
control field 20260322212101.0
008 - FIXED-LENGTH DATA ELEMENTS--GENERAL INFORMATION
fixed length control field data
010 ## - LIBRARY OF CONGRESS CONTROL NUMBER
LC control number 2005022327
020 ## - INTERNATIONAL STANDARD BOOK NUMBER
International Standard Book Number 0307336646
020 ## - INTERNATIONAL STANDARD BOOK NUMBER
International Standard Book Number 9780307336644
040 ## - CATALOGING SOURCE
Original cataloging agency DLC
Transcribing agency DLC
Modifying agency DLC
-- BAKER
-- VP@
-- DLC
042 ## - AUTHENTICATION CODE
Authentication code pcc
050 00 - LIBRARY OF CONGRESS CALL NUMBER
Classification number RM666.H33
Item number A16 2006
082 00 - DEWEY DECIMAL CLASSIFICATION NUMBER
Classification number 615/.7045
Edition information 22
096 ## - LOCALLY ASSIGNED NLM-TYPE CALL NUMBER (OCLC)
Classification number QV 38 H33 2006
001 - CONTROL NUMBER
control field data
245 00 - TITLE STATEMENT
Title A-Z guide to drug-herb-vitamin interactions :
Remainder of title improve your health and avoid side effects when using common medications and natural supplements together /
Statement of responsibility, etc. edited by Alan Gaby.
250 ## - EDITION STATEMENT
Edition statement Rev. and expanded 2nd ed.
260 ## - PUBLICATION, DISTRIBUTION, ETC.
Place of publication, distribution, etc. New York :
Name of publisher, distributor, etc. Three Rivers Press,
Date of publication, distribution, etc. c2006.
300 ## - PHYSICAL DESCRIPTION
Extent xxviii, 338 p. ;
Dimensions 28 cm.
500 ## - GENERAL NOTE
General note Includes index.
505 0# - FORMATTED CONTENTS NOTE
Formatted contents note Introduction -- How to use this book -- What are depletions and interactions? -- Interactions by drug.
650 #0 - SUBJECT ADDED ENTRY--TOPICAL TERM
Topical term or geographic name entry element Drug-herb interactions.
650 #0 - SUBJECT ADDED ENTRY--TOPICAL TERM
Topical term or geographic name entry element Drug-nutrient interactions.
700 1# - ADDED ENTRY--PERSONAL NAME
Personal name Gaby, Alan.
856 41 - ELECTRONIC LOCATION AND ACCESS
Materials specified Table of contents only
Uniform Resource Identifier <a href="http://www.loc.gov/catdir/toc/ecip0517/2005022327.html">http://www.loc.gov/catdir/toc/ecip0517/2005022327.html</a>
856 42 - ELECTRONIC LOCATION AND ACCESS
Materials specified Publisher description
Uniform Resource Identifier <a href="http://www.loc.gov/catdir/enhancements/fy0622/2005022327-d.html">http://www.loc.gov/catdir/enhancements/fy0622/2005022327-d.html</a>
856 41 - ELECTRONIC LOCATION AND ACCESS
Materials specified Sample text
Uniform Resource Identifier <a href="http://www.loc.gov/catdir/enhancements/fy0809/2005022327-s.html">http://www.loc.gov/catdir/enhancements/fy0809/2005022327-s.html</a>
Holdings
Withdrawn status Lost status Damaged status Not for loan Home library Current library Shelving location Date acquired Total checkouts Full call number Barcode Date last seen Price effective from Koha item type
        Riverside Riverside General stacks 22/03/2026   615/.7045 22 BC0011498 22/03/2026 22/03/2026 Books